Govt. of
Madhya Pradesh

Normal view MARC view

Entry Topical Term

Number of records used in: 1

001 - CONTROL NUMBER

  • control field: 71826

003 - CONTROL NUMBER IDENTIFIER

  • control field: OSt

005 - DATE AND TIME OF LATEST TRANSACTION

  • control field: 20180408120234.0

008 - FIXED-LENGTH DATA ELEMENTS

  • fixed length control field: 180408|| aca||aabn | a|a d

040 ## - CATALOGING SOURCE

  • Original cataloging agency: OSt
  • Transcribing agency: OSt

150 ## - HEADING--TOPICAL TERM

  • Topical term or geographic name entry element: मनोविज्ञान

670 ## - SOURCE DATA FOUND

  • Source citation: Work cat.: (OSt): पी के धोलपुरी 71825, मनोविज्ञान के संदर्भ में, 2016